000 00457nam a22001937a 4500
003 OSt
005 20241029122417.0
008 241029b |||||||| |||| 00| 0 eng d
040 _cMRSPTU
041 _aENG
082 _a338.17
_bRA-E
100 _aRaju, V.T.
245 _aEconomics of Farm Production and Management
260 _aNew Delhi
_bCBS Pub.
_c2024
300 _a207
650 _aAGRICULTURE
700 _aRao, D.V.S.
942 _2ddc
_cBK
_n0
999 _c10404
_d10404